| 000 | 00625nam a22002057a 4500 | ||
|---|---|---|---|
| 003 | OSt | ||
| 005 | 20151116130302.0 | ||
| 008 | 151116b xxu||||| |||| 00| 0 eng d | ||
| 020 | _a0781719232 | ||
| 040 | _cDLMN. | ||
| 082 | _aWY105 M348l 2000 | ||
| 100 |
_aMarquis,L.Bessie;Huston J.Carol; _96142 |
||
| 245 |
_aLeadership Roles and Management functions in Nursing. _bTheory and Practical. |
||
| 250 | _a3rd ed. | ||
| 260 |
_aPhiladelphia; _bLippincott. _c2000. |
||
| 300 |
_axxvi,572p; _bcol,ill. _c24cm. |
||
| 504 | _aReferences,Bibliography and index are included | ||
| 651 |
_aNursing Roles _96170 |
||
| 942 |
_2z _cSLOAN |
||
| 999 |
_c2575 _d2575 |
||